[Event "Copenhagen Chess Challenge 2"]
[Site "?"]
[Date "2015.05.01"]
[Round "5.10"]
[White "Stuhr,1947, Peter Sebastian"]
[Black "Akdag,2184, Dara Sevkan"]
[Result "1-0"]
[BlackElo "2184"]
[WhiteElo "1947"]
[LiveChessVersion "1.4.6"]

1. e4 {[%clk 1:30:57]} c5 {[%clk 1:28:40]} 2. Nc3 {[%clk 1:30:14]} a6
{[%clk 1:29:02]} 3. a4 {[%clk 1:30:39]} Nc6 {[%clk 1:27:44]} 4. f4
{[%clk 1:31:04]} e6 {[%clk 1:27:26]} 5. Bc4 {[%clk 1:26:47]} Nge7
{[%clk 1:25:13]} 6. e5 {[%clk 1:26:30]} Ng6 {[%clk 1:23:34]} 7. d3
{[%clk 1:09:42]} d5 {[%clk 1:20:45]} 8. exd6 {[%clk 1:09:22]} Bxd6
{[%clk 1:20:35]} 9. g3 {[%clk 1:09:15]} e5 {[%clk 1:16:57]} 10. fxe5
{[%clk 1:05:27]} Ngxe5 {[%clk 1:13:34]} 11. Bd5 {[%clk 1:00:03]} Bg4
{[%clk 1:08:54]} 12. Bxc6+ {[%clk 0:58:15]} bxc6 {[%clk 1:06:50]} 13. Nce2
{[%clk 0:50:52]} Bc7 {[%clk 1:01:01]} 14. h3 {[%clk 0:49:08]} Bh5
{[%clk 0:52:14]} 15. Bf4 {[%clk 0:48:52]} Nf3+ {[%clk 0:42:46]} 16. Nxf3
{[%clk 0:48:25]} Bxf3 {[%clk 0:43:12]} 17. O-O {[%clk 0:48:25]} Bh5
{[%clk 0:42:11]} 18. g4 {[%clk 0:40:36]} Bg6 {[%clk 0:42:17]} 19. Bxc7
{[%clk 0:40:47]} Qxc7 {[%clk 0:42:37]} 20. Nf4 {[%clk 0:41:10]} O-O
{[%clk 0:41:59]} 21. b3 {[%clk 0:38:26]} Rad8 {[%clk 0:39:49]} 22. Qf3
{[%clk 0:37:58]} Qd6 {[%clk 0:37:38]} 23. Rae1 {[%clk 0:33:23]} Qd4+
{[%clk 0:37:50]} 24. Kg2 {[%clk 0:32:08]} Rd6 {[%clk 0:37:47]} 25. Ne6
{[%clk 0:31:23]} Rxe6 {[%clk 0:34:04]} 26. Rxe6 {[%clk 0:31:43]} Qc3
{[%clk 0:33:08]} 27. Rf2 {[%clk 0:29:35]} a5 {[%clk 0:30:39]} 28. Rxc6
{[%clk 0:26:49]} Qd4 {[%clk 0:30:54]} 29. Ra6 {[%clk 0:26:44]} Qd8
{[%clk 0:31:07]} 30. Ra7 {[%clk 0:20:28]} Qb6 {[%clk 0:30:20]} 31. Ra8
{[%clk 0:18:15]} Qd6 {[%clk 0:30:04]} 32. Re2 {[%clk 0:15:59]} f6
{[%clk 0:30:04]} 33. Rxf8+ {[%clk 0:10:23]} Qxf8 {[%clk 0:29:59]} 34. Qd5+
{[%clk 0:09:59]} Bf7 {[%clk 0:30:12]} 35. Qd7 {[%clk 0:10:02]} Qa8+
{[%clk 0:29:47]} 36. Kf2 {[%clk 0:10:08]} Qb8 {[%clk 0:29:55]} 37. Re7
{[%clk 0:09:37]} Qh2+ {[%clk 0:28:56]} 38. Ke1 {[%clk 0:09:45]} 1-0

[Event "Copenhagen Chess Challenge 2"]
[Site "?"]
[Date "2015.05.01"]
[Round "5.11"]
[White "Eriksson,2137, Christian Altenburg"]
[Black "Ranaldi,2019, Lucas"]
[Result "1-0"]
[BlackElo "2019"]
[WhiteElo "2137"]
[LiveChessVersion "1.4.6"]

1. e4 c5 {[%clk 1:30:23]} 2. c3 {[%clk 1:31:09]} g6 {[%clk 1:28:25]} 3. d4
{[%clk 1:29:31]} cxd4 {[%clk 1:28:45]} 4. cxd4 {[%clk 1:29:54]} d5
{[%clk 1:29:07]} 5. e5 {[%clk 1:29:42]} Bg7 {[%clk 1:29:25]} 6. Nf3
{[%clk 1:27:11]} Bg4 {[%clk 1:29:01]} 7. Bb5+ {[%clk 1:26:58]} Nc6
{[%clk 1:29:18]} 8. Bxc6+ {[%clk 1:25:44]} bxc6 {[%clk 1:29:46]} 9. Nbd2
{[%clk 1:25:24]} Bxf3 {[%clk 1:28:24]} 10. Nxf3 {[%clk 1:24:55]} e6
{[%clk 1:28:06]} 11. Qa4 {[%clk 1:23:41]} Qb6 {[%clk 1:27:18]} 12. O-O
{[%clk 1:19:57]} Ne7 {[%clk 1:25:55]} 13. Bg5 {[%clk 1:15:33]} h6
{[%clk 1:22:07]} 14. Bxe7 {[%clk 1:10:17]} Kxe7 {[%clk 1:22:21]} 15. Qa3+
{[%clk 1:10:21]} Ke8 {[%clk 1:22:32]} 16. Rac1 {[%clk 1:10:03]} Bf8
{[%clk 1:22:48]} 17. Qa4 {[%clk 1:10:06]} Kd7 {[%clk 1:22:18]} 18. Rc2
{[%clk 1:09:04]} Be7 {[%clk 1:22:21]} 19. Rfc1 {[%clk 1:07:26]} Rhc8
{[%clk 1:22:15]} 20. Rc3 {[%clk 1:03:10]} Qb5 {[%clk 1:21:43]} 21. Qc2
{[%clk 1:01:17]} a5 {[%clk 1:20:10]} 22. Ne1 {[%clk 0:54:15]} Bb4
{[%clk 1:11:48]} 23. Rf3 {[%clk 0:52:54]} Ke8 {[%clk 1:11:11]} 24. Nd3
{[%clk 0:52:16]} Bf8 {[%clk 1:08:38]} 25. h4 {[%clk 0:50:11]} h5 {[%clk 1:07:18]}
26. Qd2 {[%clk 0:39:00]} c5 {[%clk 1:00:22]} 27. Qf4 {[%clk 0:29:27]} Ra7
{[%clk 0:59:27]} 28. dxc5 {[%clk 0:28:29]} Bxc5 {[%clk 0:56:17]} 29. Rxc5
{[%clk 0:27:16]} Rxc5 {[%clk 0:56:26]} 30. Nxc5 {[%clk 0:27:24]} Qxc5
{[%clk 0:56:43]} 31. Rc3 {[%clk 0:27:24]} Qb4 {[%clk 0:51:49]} 32. Qf6
{[%clk 0:25:36]} Qb7 {[%clk 0:49:57]} 33. Qh8+ {[%clk 0:24:54]} Kd7
{[%clk 0:47:23]} 34. Qf8 {[%clk 0:23:38]} Qxb2 {[%clk 0:45:29]} 35. Qxf7+
{[%clk 0:23:06]} Kd8 {[%clk 0:45:37]} 36. Qf8+ {[%clk 0:23:23]} Kd7
{[%clk 0:45:46]} 37. Qd6+ {[%clk 0:23:43]} Ke8 {[%clk 0:46:10]} 38. Rc8+
{[%clk 0:24:00]} Kf7 {[%clk 0:46:30]} 39. Qf8# {[%clk 0:24:25]} 1-0

[Event "Copenhagen Chess Challenge 2"]
[Site "?"]
[Date "2015.05.01"]
[Round "5.13"]
[White "Brøndal, Paul"]
[Black "Yildiz,1931, Hasan"]
[Result "1/2-1/2"]
[BlackElo "1931"]
[WhiteElo "2103"]
[LiveChessVersion "1.4.6"]

1. d4 {[%clk 1:30:58]} e6 {[%clk 1:30:20]} 2. c4 {[%clk 1:31:20]} b6
{[%clk 1:30:41]} 3. e4 {[%clk 1:31:18]} Bb4+ {[%clk 1:28:34]} 4. Nd2
{[%clk 1:31:17]} Qh4 {[%clk 1:22:32]} 5. Bd3 {[%clk 1:25:49]} Bb7
{[%clk 1:21:06]} 6. Ngf3 {[%clk 1:23:26]} Qh5 {[%clk 1:14:06]} 7. O-O
{[%clk 1:21:56]} Bxd2 {[%clk 1:13:42]} 8. Bxd2 {[%clk 1:20:53]} Ne7
{[%clk 1:09:04]} 9. Qc2 {[%clk 1:15:35]} O-O {[%clk 1:08:07]} 10. Bc3
{[%clk 1:12:29]} f5 {[%clk 1:06:35]} 11. Nd2 {[%clk 1:08:52]} f4 {[%clk 1:04:56]}
12. f3 {[%clk 1:05:31]} d6 {[%clk 1:03:11]} 13. b4 {[%clk 1:02:13]} e5
{[%clk 0:59:23]} 14. d5 {[%clk 1:01:40]} Nd7 {[%clk 0:59:01]} 15. Nb3
{[%clk 0:56:50]} g5 {[%clk 0:56:06]} 16. Qe2 {[%clk 0:53:41]} Qf7
{[%clk 0:52:10]} 17. g4 {[%clk 0:51:59]} h5 {[%clk 0:51:17]} 18. h3
{[%clk 0:50:51]} hxg4 {[%clk 0:50:55]} 19. hxg4 {[%clk 0:51:09]} Ng6
{[%clk 0:49:23]} 20. Rf2 {[%clk 0:48:15]} Kg7 {[%clk 0:48:22]} 21. Rh2
{[%clk 0:42:41]} Rh8 {[%clk 0:47:57]} 22. Be1 {[%clk 0:39:56]} Rxh2
{[%clk 0:47:57]} 23. Qxh2 {[%clk 0:37:53]} Rh8 {[%clk 0:48:07]} 24. Qg2
{[%clk 0:37:52]} Nh4 {[%clk 0:47:55]} 25. Bxh4 Rxh4 {[%clk 0:45:12]} 26. Kf2
{[%clk 0:37:26]} Kg6 {[%clk 0:43:29]} 27. Rh1 {[%clk 0:37:30]} Qh7
{[%clk 0:41:35]} 28. Kg1 {[%clk 0:37:38]} Nf6 {[%clk 0:40:57]} 29. Be2
{[%clk 0:36:42]} Bc8 {[%clk 0:39:29]} 30. Rxh4 {[%clk 0:36:15]} gxh4
{[%clk 0:37:38]} 31. Nc1 {[%clk 0:31:03]} Qh6 {[%clk 0:34:51]} 32. Nd3
{[%clk 0:30:37]} Nh7 {[%clk 0:34:33]} 33. Nf2 {[%clk 0:30:37]} Ng5
{[%clk 0:31:38]} 34. Nh3 {[%clk 0:30:41]} Nxh3+ {[%clk 0:31:35]} 35. Qxh3
{[%clk 0:31:04]} Kg5 {[%clk 0:31:30]} 36. Bf1 {[%clk 0:30:36]} Bd7
{[%clk 0:30:23]} 37. Qh2 {[%clk 0:30:26]} Qh8 {[%clk 0:29:17]} 38. Qb2
{[%clk 0:28:52]} Qc8 {[%clk 0:27:52]} 39. c5 {[%clk 0:22:28]} Ba4
{[%clk 0:15:55]} 40. Qa3 {[%clk 0:17:41]} Qe8 {[%clk 0:12:50]} 41. cxd6
{[%clk 0:15:03]} cxd6 {[%clk 0:12:53]} 42. Qc3 {[%clk 0:12:55]} Qd7
{[%clk 0:11:30]} 43. Qc4 {[%clk 0:12:17]} Bd1 {[%clk 0:08:25]} 44. Kf2
{[%clk 0:06:51]} Qa4 {[%clk 0:06:15]} 45. Qc7 {[%clk 0:05:45]} Qc2+
{[%clk 0:06:04]} 46. Qxc2 {[%clk 0:06:10]} Bxc2 {[%clk 0:06:29]} 47. a3
{[%clk 0:06:04]} Ba4 {[%clk 0:05:34]} 48. Kg2 {[%clk 0:05:17]} Bd1
{[%clk 0:05:48]} 49. Kf2 {[%clk 0:05:24]} Kf6 {[%clk 0:05:31]} 50. Bh3
{[%clk 0:04:54]} Kg5 {[%clk 0:05:35]} 51. Bf1 {[%clk 0:05:05]} Bc2
{[%clk 0:05:47]} 52. Bh3 {[%clk 0:05:14]} Bd3 {[%clk 0:06:03]} 53. Ke1
{[%clk 0:05:08]} b5 {[%clk 0:04:20]} 54. Kf2 {[%clk 0:05:24]} a6 {[%clk 0:03:34]}
55. Ke1 {[%clk 0:05:43]} Bc2 {[%clk 0:03:19]} 56. Kf2 {[%clk 0:06:04]} Bb3
{[%clk 0:03:24]} 57. Ke1 {[%clk 0:06:16]} Kf6 {[%clk 0:03:33]} 58. Kd2
{[%clk 0:06:17]} Kg5 {[%clk 0:03:53]} 59. Ke1 {[%clk 0:06:38]} Bc4
{[%clk 0:04:07]} 60. Kd2 {[%clk 0:06:52]} 1/2-1/2